000 00359pam a2200157a 44500
008 230515b1978 xxu||||| |||| 00| 0 eng d
020 _aNULL
041 _aENGL
082 _a628.530941 /PAR
100 _aPARKER A.
245 _aINDUSTRIAL AIR POLLUTION HANDBOOK
250 _aN.D.
260 _aNULL
_bMc. G
_c1978
300 _a658 HB
650 _aNULL
999 _c620287
_d620287